00828nam a2200193 a 450000100100000000500170001000800410002704000250006808200150009310000310010824501300013926000450026930000270031450000480034170000280038970000280041795201720044599900170061700004586420201002052505.0150525s2007 dr ac 000 0 spa d aDO-SdBNPbspacBNPHU axxxxbxxxx1 aSosa Olivo, César97393710aTres en versos :bentre lo romántico, lo sentimental y lo pasional /cCésar Sosa Olivo, J. William Rijo, Felipe Guzmán. aSanto Domingo :bImpresora Mella,c2007. a62 p. :bil. ;c18 cm. aIncluye datos biográficos de los autores.12aWilliam Rijo, J.97393812aGuzmán, Felipe973939 0010718PDaPDbPDcCTd2015-05-25iLF1l0oxxxx xxxxp45864-10r2020-06-25w2020-06-25yLFPDzPerteneció a la biblioteca personal de Erick Landestoy.ZNo se presta c45353d45353